000 00476nam a2200181 a 4500
001 1771067063001
003 YourLibrary
005 20260214163803.0
008 260214s2009##################000#0#eng##
020 _a9781844079827
082 0 4 _a307.76094
_bNIJ
100 1 _aNijkamp, Peter,
_eauthor.
245 1 0 _aSustainable Cities in Europe :
260 _bRoutledge,
_c2009.
650 0 _aCities and towns.
942 _cENGLISH
040 _aYourLibrary
_beng
_cYourLibrary
999 _c612486
_d612486